00794cam a2200229 a 450000100100000000500170001000800410002704000250006808200240009310000290011724500280014625000110017426000620018530000210024749000440026850000330031265000240034565000260036965100670039565100550046283000470051700002354320240226143822.0790925s1946 ag 001 e spa d aDO-SdBNPbspacBNPHU a864.64bC174L, 19461 aCamba, Julio,d1882-196210aLondres /cJulio Camba. a4a ed. aBuenos Aires, Argentina :bEspasa-Calpe Argentina,c1946. a154 p. ;c18 cm.1 aAustral. Negra: viajes y reportajesv22 aIncluye índice de autores. 4aEnsayos españoles 4aLiteratura española 4aLondres (Inglaterra{Rpara}xVida Social Y CostumbresySIGLO XX 4aLondres (Inglaterra{Rpara}xDescripciones Y Viajes 0aAustral.pNegra: viajes y reportajes ;v22